[Event "Titled Tue 27th May Early"]
[Site "chess.com INT"]
[Date "2025.05.27"]
[Round "5"]
[White "Shuvalova, Polina"]
[Black "Karas, Marek"]
[Result "1-0"]
[WhiteTitle "IM"]
[BlackTitle "FM"]
[WhiteElo "2494"]
[BlackElo "2200"]
[WhiteFideId "24171760"]
[BlackFideId "14928558"]
[EventDate "2025.05.27"]

1. e4 e6 2. d4 d5 3. Nd2 c5 4. exd5 Qxd5 5. Ngf3 cxd4 6. Bc4 Qd6 7. O-O Nf6 8.
Nb3 Nc6 9. Nbxd4 Nxd4 10. Nxd4 a6 11. Re1 Qc7 12. Bd3 Bd6 13. h3 O-O 14. c3 e5
15. Nf5 e4 16. Nxd6 Qxd6 17. Bc2 Qxd1 18. Rxd1 Bf5 19. Bg5 Rfe8 20. Bxf6 gxf6
21. Rd4 Bg6 22. Ba4 b5 23. Bb3 Rad8 24. Rxd8 Rxd8 25. Rd1 Re8 26. Rd6 f5 27.
Rxa6 f4 28. Bd5 Re5 29. Rd6 e3 30. fxe3 fxe3 31. Kf1 Rf5+ 32. Ke2 Rf2+ 33. Kxe3
Rxb2 34. g4 Kg7 35. h4 h5 36. gxh5 Bxh5 37. Rb6 Rc2 38. Kd4 Rd2+ 39. Kc5 Rc2 40.
Kb4 Rb2+ 41. Bb3 Rh2 42. Rxb5 Rxh4+ 43. c4 Bg6 44. a4 f5 45. a5 f4 46. a6 f3 47.
Rb7+ Kf6 48. a7 Rh8 49. Rb8 f2 50. Rxh8 f1=Q 51. a8=Q Qe1+ 52. Kb5 Qe5+ 53. Qd5 1-0

[Event "Titled Tue 27th May Early"]
[Site "chess.com INT"]
[Date "2025.05.27"]
[Round "5"]
[White "Brown, Akeem"]
[Black "Shymanskyi, Oleksandr"]
[Result "0-1"]
[WhiteTitle "CM"]
[BlackTitle "FM"]
[WhiteElo "2055"]
[BlackElo "2218"]
[WhiteFideId "7402023"]
[BlackFideId "14168880"]
[EventDate "2025.05.27"]

1. e4 c6 2. d4 d5 3. Nc3 dxe4 4. Nxe4 Nf6 5. Nxf6+ exf6 6. c3 Bd6 7. Bd3 O-O 8.
Qc2 Re8+ 9. Ne2 h5 10. O-O h4 11. h3 Nd7 12. Be3 Nf8 13. Rad1 Bc7 14. Rfe1 Be6
15. c4 Rc8 16. Nc3 Qd6 17. f4 Qd8 18. Qf2 f5 19. Qf3 Ng6 20. d5 cxd5 21. cxd5
Bd7 22. Nb5 Bxb5 23. Bxb5 Rf8 24. Kh1 Bb6 25. d6 Bxe3 26. Rxe3 Qf6 27. d7 Rcd8
28. Re8 a6 29. Rxf8+ Nxf8 30. Bc4 Rxd7 31. Rxd7 Nxd7 32. Qxb7 Qd6 33. Qxa6 Qd1+
34. Bf1 Nf6 35. Qe2 Qd4 36. Qd3 Qxf4 37. Qd8+ Kh7 38. Qd3 Ne4 39. Qf3 Ng3+ 40.
Kg1 Qd4+ 41. Kh2 Qe5 42. Kg1 Qxb2 43. Qf2 Qe5 44. a4 g5 45. Bd3 Qa1+ 46. Bf1
Qxa4 47. Be2 Qf4 48. Bf1 Qxf2+ 49. Kxf2 Nxf1 50. Kxf1 Kg6 51. Kf2 f4 52. Kf3 Kf5
53. Ke2 Ke4 0-1

[Event "Titled Tue 27th May Early"]
[Site "chess.com INT"]
[Date "2025.05.27"]
[Round "5"]
[White "Miranda Camus, Joaquin Ignacio"]
[Black "Karpenko, Anton"]
[Result "1-0"]
[WhiteTitle "FM"]
[BlackTitle "CM"]
[WhiteElo "2196"]
[BlackElo "2218"]
[WhiteFideId "3449300"]
[BlackFideId "34374353"]
[EventDate "2025.05.27"]

1. Nf3 c5 2. g3 b6 3. Bg2 Bb7 4. Kf1 Nf6 5. d3 Nc6 6. c4 h6 7. Nc3 d5 8. cxd5
Nxd5 9. Bd2 g6 10. Kg1 Bg7 11. h3 O-O 12. Kh2 Nc7 13. Rc1 e5 14. a3 a5 15. Rf1
Kh7 16. Kg1 Ne6 17. Nb5 f5 18. h4 Qd7 19. Bc3 Rad8 20. Qc2 f4 21. e3 fxg3 22.
fxg3 Qxd3 23. Qxd3 Rxd3 24. Nxe5 Rxf1+ 25. Rxf1 Nxe5 26. Bxb7 Rxe3 27. Bd5 Nd8
28. Kg2 Ng4 29. Bf3 Bxc3 30. Nxc3 Ne5 31. Be4 Kg7 32. Rd1 Ne6 33. Rd6 Nd4 34.
Rxb6 Ne2 35. Rb7+ Kf6 36. Nd5+ Ke6 37. Nxe3 Nd4 38. Rb6+ Kf7 39. Bd5+ Ke7 40.
Nc4 Ng4 41. Rxg6 h5 42. Rg7+ Kf6 43. Rf7+ Kg6 44. Ra7 Nc2 45. Be4+ Kf6 46. Bxc2
Ke6 47. Ra6+ Kd5 48. Rxa5 Kxc4 49. Bg6 Ne3+ 50. Kf3 Nd1 51. Bxh5 Nxb2 52. Bf7+
Kd4 53. Ra8 c4 54. Bxc4 Nxc4 55. Ra4 Kc5 56. Rxc4+ Kxc4 57. h5 1-0

[Event "Titled Tue 27th May Early"]
[Site "chess.com INT"]
[Date "2025.05.27"]
[Round "5"]
[White "Weetik, Vjacheslav"]
[Black "Sheremetev, Vladislav"]
[Result "0-1"]
[WhiteTitle "FM"]
[BlackTitle "CM"]
[WhiteElo "2423"]
[BlackElo "2160"]
[WhiteFideId "4153472"]
[BlackFideId "54188300"]
[EventDate "2025.05.27"]

1. d4 Nf6 2. c4 e6 3. Nc3 Bb4 4. a3 Bxc3+ 5. bxc3 c5 6. e3 Nc6 7. Bd3 b6 8. e4
d6 9. Ne2 Na5 10. O-O Ba6 11. Ng3 Nd7 12. Qg4 Rg8 13. Bg5 Nf6 14. Qh4 h6 15. Be3
Bxc4 16. Rad1 Bxd3 17. Rxd3 c4 18. Rdd1 Nd7 19. Qh5 Qc7 20. f4 Nf6 21. Qf3 O-O-O
22. f5 e5 23. Nh5 Nxh5 24. Qxh5 f6 25. Rf3 exd4 26. cxd4 Rge8 27. Qg4 Re7 28.
Bf2 Rde8 29. Re1 d5 30. Bg3 Rxe4 31. Bxc7 Rxg4 32. Rxe8+ Kxc7 33. Re7+ Kc6 34.
Rxa7 Nb3 35. h3 Rxd4 36. Rxg7 Nd2 37. Rc3 Ne4 38. Rc1 c3 39. Rg8 Kb5 40. Rc8 Rc4
41. Rd8 Kc5 42. Rc8+ Kd4 43. Rd1+ Nd2 44. Rb8 Kd3 45. Rxb6 c2 46. Rc1 Rc3 47. a4
Nb3 48. Rxc2 Kxc2 49. Rxf6 d4 50. Rxh6 d3 51. Rd6 d2 52. f6 Rd3 53. f7 d1=Q+ 54.
Kh2 Qf1 0-1

[Event "Titled Tue 27th May Early"]
[Site "chess.com INT"]
[Date "2025.05.27"]
[Round "5"]
[White "Demchenko, Anton"]
[Black "Hayrapetyan, Edgar"]
[Result "0-1"]
[WhiteTitle "GM"]
[BlackTitle "FM"]
[WhiteElo "2619"]
[BlackElo "2161"]
[WhiteFideId "4160258"]
[BlackFideId "13313568"]
[EventDate "2025.05.27"]

1. e4 e6 2. d4 d5 3. Nd2 e5 4. dxe5 dxe4 5. Qe2 Nc6 6. Qxe4 Nge7 7. Ngf3 Bf5 8.
Qa4 Nd5 9. c3 Bc5 10. Bb5 O-O 11. O-O Nce7 12. Nb3 Bb6 13. Qh4 c6 14. Be2 Ng6
15. Qh5 Qc8 16. h3 Ngf4 17. Bxf4 Nxf4 18. Qg5 Nxe2+ 19. Kh2 Bd3 20. Rad1 Ba6 21.
Nbd2 Qe6 22. c4 Qg6 23. Qxg6 hxg6 24. g3 Rad8 25. b3 Nc3 26. Rde1 Nxa2 27. Ne4
Nb4 28. h4 Nd3 29. Re2 Rfe8 30. Kg2 Nxe5 31. Rfe1 f6 32. Nc3 Ba5 33. Re3 Bxc3
34. Rxc3 Nxf3 35. Rxe8+ Rxe8 36. Kxf3 Kf7 37. Rd3 Re7 38. Rd8 c5 39. Kf4 b6 40.
f3 Bb7 41. g4 Bc6 42. Rc8 Be8 43. Ra8 b5 44. Rc8 bxc4 45. bxc4 a5 46. Rxc5 a4
47. Rd5 Rc7 48. c5 a3 49. Rd3 Ra7 50. Rd1 a2 51. Ra1 Bc6 52. Ke3 Ra3+ 53. Kd4
Bxf3 54. g5 f5 55. Kc4 Bc6 56. Kd4 Ke6 57. Re1+ Be4 58. Ra1 Ra4+ 59. Ke3 Ke5 60.
Kd2 f4 61. Kc3 f3 62. Kd2 Kf4 63. Ke1 Ke3 64. Kf1 Bd3+ 65. Kg1 f2+ 0-1

[Event "Titled Tue 27th May Early"]
[Site "chess.com INT"]
[Date "2025.05.27"]
[Round "5"]
[White "Punin, Andrii"]
[Black "Felix, Raphael"]
[Result "0-1"]
[WhiteTitle "FM"]
[BlackTitle "CM"]
[WhiteElo "2289"]
[BlackElo "2201"]
[WhiteFideId "14112639"]
[BlackFideId "14339544"]
[EventDate "2025.05.27"]

1. e4 c5 2. Be2 Nc6 3. f4 g6 4. Nf3 Bg7 5. c3 Nf6 6. d3 d6 7. O-O O-O 8. Kh1 b5
9. a3 Rb8 10. Be3 a5 11. Nbd2 b4 12. d4 bxc3 13. bxc3 cxd4 14. cxd4 e6 15. Bd3
Bb7 16. Qa4 Ba8 17. Rab1 Rxb1 18. Rxb1 Ng4 19. Bg1 f5 20. d5 fxe4 21. Qxe4 exd5
22. Qxd5+ Kh8 23. Ng5 Nce5 24. Qd4 Nxd3 25. Qxd3 Qf6 26. Rf1 h6 27. Nge4 Qf5 28.
Bd4 Nf6 29. Bxf6 Bxf6 30. Qxd6 Bg7 31. Qe7 Rf7 32. Qe8+ Rf8 33. Qe7 Rf7 34. Qe8+
Rf8 35. Qa4 Qf7 36. Ng3 Qb7 37. Nde4 g5 38. Rg1 gxf4 39. Qxa5 fxg3 40. Nxg3 Qc6
41. Qh5 Qd6 42. Qh3 Qe7 43. Nf5 Qf7 44. Nxg7 Qxg7 45. a4 Be4 46. a5 Bd5 47. Qd3
Ba8 48. a6 Qg8 49. h3 Qg7 50. Kh2 Rg8 51. g4 Qc7+ 52. Rg3 Qc6 53. Re3 Qg2# 0-1

[Event "Titled Tue 27th May Early"]
[Site "chess.com INT"]
[Date "2025.05.27"]
[Round "5"]
[White "Caprio, Guido"]
[Black "Manukian, Artak"]
[Result "1/2-1/2"]
[WhiteTitle "IM"]
[WhiteElo "2435"]
[BlackElo "2104"]
[WhiteFideId "834580"]
[BlackFideId "13301373"]
[EventDate "2025.05.27"]

1. d4 d5 2. Nf3 Nf6 3. c4 c6 4. Nc3 e6 5. Bg5 dxc4 6. e4 b5 7. e5 h6 8. Bh4 g5
9. Nxg5 hxg5 10. Bxg5 Nbd7 11. g3 Bb7 12. Bg2 Qb6 13. exf6 O-O-O 14. O-O Ne5 15.
dxe5 Rxd1 16. Raxd1 a5 17. Ne4 b4 18. Be3 Qb5 19. Nd6+ Bxd6 20. exd6 Rd8 21.
Rfe1 c5 22. Bxb7+ Kxb7 23. h4 a4 24. Bf4 c3 25. bxc3 b3 26. axb3 axb3 27. h5 c4
28. h6 Qf5 29. Re5 Qxf6 30. h7 Qg6 31. d7 b2 32. Rb5+ Kc6 33. Rxb2 Qxh7 34. Rb4
Qe4 35. Rd6+ Kc5 36. Rd4 Qf3 37. Rbxc4+ Kb5 38. Rb4+ Kc5 39. Bc7 Rh8 40. Rbc4+
Kb5 41. Rb4+ Kc6 42. Rbc4+ Kb5 43. Rh4 Rxh4 44. gxh4 Qd1+ 45. Kg2 Qxd7 46. Rb4+
Kc6 47. Bg3 Qd5+ 48. f3 Qd2+ 49. Kh3 Qxc3 50. Rf4 f5 51. h5 Qc1 52. h6 e5 53.
Rxf5 Qxh6+ 54. Kg4 Qg6+ 55. Rg5 Qe6+ 56. Kh5 e4 57. Rg6 Qxg6+ 58. Kxg6 exf3 59.
Bf2 Kd5 60. Kg5 Ke4 61. Kg4 Kd3 62. Kxf3 1/2-1/2

[Event "Titled Tue 27th May Early"]
[Site "chess.com INT"]
[Date "2025.05.27"]
[Round "5"]
[White "Bonaveri, Agustin"]
[Black "Schubert, Christian"]
[Result "0-1"]
[WhiteTitle "FM"]
[BlackTitle "CM"]
[WhiteElo "2367"]
[BlackElo "2203"]
[WhiteFideId "104027"]
[BlackFideId "4604229"]
[EventDate "2025.05.27"]

1. c4 Nf6 2. g3 e6 3. Bg2 d5 4. Nf3 c6 5. b3 Nbd7 6. Bb2 Be7 7. d4 O-O 8. Nbd2
a5 9. a3 b5 10. O-O bxc4 11. bxc4 Ba6 12. Qc2 Rb8 13. Rab1 Qc7 14. cxd5 exd5 15.
Rfe1 Rfc8 16. e3 c5 17. dxc5 Qxc5 18. Qxc5 Nxc5 19. Bxf6 Bxf6 20. Rxb8 Rxb8 21.
Rb1 Rxb1+ 22. Nxb1 Bd3 23. Nfd2 Ne4 24. Nxe4 dxe4 25. Nd2 Bb2 26. a4 Bc2 27.
Bxe4 Bxa4 28. Nc4 Bc3 29. Kf1 Bb5 30. Bd3 a4 31. Ke2 Kf8 32. Kd1 a3 33. Nxa3
Bxd3 34. f3 Ke7 35. e4 Bb2 36. Nc2 Bxc2+ 37. Kxc2 Bd4 38. Kd3 Bg1 39. h3 Bh2 40.
g4 Bf4 41. Kd4 Kd6 42. Kc4 Ke5 43. Kd3 g5 44. Ke2 Bc1 45. Kd1 Ba3 46. Ke2 Kf4
47. Kf2 Bc5+ 48. Kg2 f6 49. h4 gxh4 50. Kh3 Bf2 51. g5 fxg5 52. e5 Kxe5 53. Kg4
Be3 54. f4+ Bxf4 55. Kh3 Kf5 56. Kg2 g4 57. Kh1 Ke4 58. Kg2 h3+ 59. Kh1 g3 60.
Kg1 Be3+ 61. Kh1 g2+ 0-1

[Event "Titled Tue 27th May Early"]
[Site "chess.com INT"]
[Date "2025.05.27"]
[Round "5"]
[White "Veiga, Jose Francisco R P Neves"]
[Black "Unver, Cumayi"]
[Result "1-0"]
[WhiteTitle "IM"]
[WhiteElo "2389"]
[BlackElo "2012"]
[WhiteFideId "1930087"]
[BlackFideId "6304940"]
[EventDate "2025.05.27"]

1. e4 c6 2. e5 d5 3. Nf3 c5 4. Bb5+ Nc6 5. O-O e6 6. c3 Bd7 7. d4 Nxe5 8. Nxe5
Bxb5 9. Re1 Nf6 10. Bg5 cxd4 11. Na3 Bc6 12. Qxd4 Be7 13. Rad1 O-O 14. Nc2 h6
15. Bh4 Rc8 16. Rd3 a6 17. Rg3 Kh8 18. Ne3 Be8 19. f4 Qc7 20. Kh1 Bc5 21. Qd1
Ne4 22. Rh3 Be7 23. Qh5 f5 24. Ng6+ Bxg6 25. Qxg6 Bxh4 26. Rxh4 Rf6 27. Qh5 Nf2+
28. Kg1 Nd3 29. Rf1 Nxb2 30. g4 fxg4 31. Nxg4 Rf5 32. Qg6 Qf7 33. Ne5 Qxg6+ 34.
Nxg6+ Kh7 35. Ne7 Rxc3 36. Nxf5 exf5 37. Kg2 Rc2+ 38. Rf2 Rxf2+ 39. Kxf2 Nc4 40.
Rh3 Kg6 41. Rd3 Nb6 42. Rb3 Nc4 43. Rxb7 Kf6 44. Ke2 g5 45. Ra7 gxf4 46. Rxa6+
Ke5 47. a4 Nd6 48. a5 Ne4 49. Ra8 Nc3+ 50. Ke1 f3 51. a6 Ne4 52. Re8+ Kf4 53.
Rxe4+ fxe4 54. a7 Ke3 55. a8=Q d4 56. Qa2 1-0

[Event "Titled Tue 27th May Early"]
[Site "chess.com INT"]
[Date "2025.05.27"]
[Round "5"]
[White "Piesik, Piotr"]
[Black "Aronian, Levon"]
[Result "1/2-1/2"]
[WhiteTitle "IM"]
[BlackTitle "GM"]
[WhiteElo "2436"]
[BlackElo "2747"]
[WhiteFideId "1136194"]
[BlackFideId "13300474"]
[EventDate "2025.05.27"]

1. Nf3 d5 2. g3 Nc6 3. d4 Bf5 4. Bg2 Nb4 5. Na3 e6 6. O-O Nf6 7. c3 Nc6 8. Nc2
h6 9. Bf4 Bd6 10. Bxd6 cxd6 11. Ne3 Bh7 12. Qb3 O-O 13. Qxb7 Na5 14. Qa6 Qc7 15.
b4 Nc6 16. Rfc1 Rfb8 17. Nd2 Rb6 18. Qa4 Qb7 19. Qd1 a5 20. a3 Qd7 21. c4 axb4
22. cxd5 exd5 23. Nxd5 Nxd5 24. Bxd5 bxa3 25. Nc4 Rba6 26. Rxa3 Rxa3 27. Nxa3
Rc8 28. Qa4 Nb8 29. Bxf7+ Kf8 30. Rxc8+ Qxc8 31. Bc4 Nc6 32. Bd5 Ne7 33. Bf3 Bf5
34. h4 Bg4 35. Qa8 Qxa8 36. Bxa8 Bxe2 37. Nc2 d5 38. Ne3 Bf3 39. Bb7 Kf7 40. Kf1
Ke6 41. Ke1 Kd6 42. Kd2 g6 43. Kc3 Ng8 44. Ba6 Nf6 45. Bd3 Be4 46. Kd2 Bxd3 47.
Kxd3 Ke6 48. f3 g5 49. hxg5 hxg5 50. g4 Nd7 51. Kc3 Nf8 52. Kb4 Ng6 53. Nf5 Nh4
54. Ne3 Nxf3 55. Kc5 Nh2 56. Nxd5 Nxg4 57. Nc3 Ne3 58. d5+ Kd7 59. Kd4 Nc2+ 60.
Ke4 Nb4 61. Kf5 Kd6 62. Kxg5 Nxd5 1/2-1/2

[Event "Titled Tue 27th May Early"]
[Site "chess.com INT"]
[Date "2025.05.27"]
[Round "5"]
[White "Fernandez, Michael"]
[Black "Aarit Kapil"]
[Result "0-1"]
[WhiteTitle "FM"]
[BlackTitle "CM"]
[WhiteElo "2226"]
[BlackElo "2098"]
[WhiteFideId "5803560"]
[BlackFideId "33408947"]
[EventDate "2025.05.27"]

1. e4 c5 2. Nf3 d6 3. d4 cxd4 4. Qxd4 Nc6 5. Bb5 Bd7 6. Bxc6 Bxc6 7. Nc3 Nf6 8.
Bg5 e5 9. Qd3 Be7 10. O-O-O O-O 11. Bxf6 Bxf6 12. Qxd6 Qa5 13. Qd3 Rac8 14. Kb1
Rfd8 15. Nd5 Bb5 16. Qd2 Qa6 17. b3 Qa3 18. Nxf6+ gxf6 19. Qh6 Re8 20. Rd2 Rc6
21. Nh4 Ra6 22. c4 Bd7 23. Nf5 Bxf5 24. exf5 Rb6 25. Re1 Qf8 26. Qxf8+ Kxf8 27.
Rd7 a5 28. Kc2 a4 29. Red1 Kg7 30. Rc7 axb3+ 31. axb3 Ra8 32. Kb2 Kh6 33. Rdd7
Kg5 34. Rxf7 h5 35. Rxb7 Rc6 36. Rfc7 Rd6 37. c5 Rd2+ 38. Kc3 Rxf2 39. c6 Kxf5
40. Rg7 Ra1 41. Kb4 Rc1 42. Kb5 Rfc2 43. c7 e4 44. Re7 Kf4 45. Kb6 Rc3 46. Ka7
e3 47. Kb8 R1c2 48. Rb4+ Kf5 49. Rb7 Kf4 50. b4 Rc4 51. b5 e2 0-1

[Event "Titled Tue 27th May Early"]
[Site "chess.com INT"]
[Date "2025.05.27"]
[Round "5"]
[White "Sabuk, Piotr"]
[Black "Hasman, Cengiz"]
[Result "1-0"]
[WhiteTitle "IM"]
[WhiteElo "2321"]
[BlackElo "2079"]
[WhiteFideId "1137565"]
[BlackFideId "413364"]
[EventDate "2025.05.27"]

1. d4 d6 2. c4 Nf6 3. Nc3 g6 4. e4 Bg7 5. Nf3 O-O 6. Bf4 Bg4 7. Be2 Nh5 8. Bg5
h6 9. Be3 e5 10. d5 f5 11. exf5 gxf5 12. h3 Bxf3 13. Bxf3 Nf6 14. Qc2 e4 15. Be2
Nbd7 16. g4 Nc5 17. gxf5 Qd7 18. Rg1 Kh8 19. Bg4 h5 20. O-O-O hxg4 21. hxg4 Nh7
22. Bxc5 dxc5 23. Nxe4 Bd4 24. Rh1 Kg8 25. Qd2 Qg7 26. Rh6 Rae8 27. Rg6 Rxe4 28.
Rxg7+ Bxg7 29. Re1 Rxc4+ 30. Kb1 Rxg4 31. d6 cxd6 32. Qd5+ Kh8 33. Qxd6 Rg2 34.
Qxc5 b6 35. Qe3 Rxf5 36. Re2 Rg1+ 37. Kc2 Rg6 38. Qe8+ Nf8 39. f4 Rc5+ 40. Kb3
Kg8 41. a3 Rg3+ 42. Ka2 Rg1 43. Re7 Rcc1 44. Qf7+ Kh8 45. Re8 Ra1+ 46. Kb3 Rg3+
47. Ka4 Rd1 48. Qh5+ Kg8 49. Qxd1 Rg4 50. Qd5+ Kh7 51. Qh5+ Bh6 52. Qxg4 Ng6 53.
Re6 Bg7 54. Qxg6+ Kh8 55. Re8+ Bf8 56. Rxf8# 1-0

[Event "Titled Tue 27th May Early"]
[Site "chess.com INT"]
[Date "2025.05.27"]
[Round "5"]
[White "Preobrazhenskaya, Diana"]
[Black "Pham, Le Thao Nguyen"]
[Result "1/2-1/2"]
[WhiteTitle "WFM"]
[BlackTitle "IM"]
[WhiteElo "2103"]
[BlackElo "2388"]
[WhiteFideId "34270566"]
[BlackFideId "12401226"]
[EventDate "2025.05.27"]

1. e4 c6 2. d4 d5 3. e5 Bf5 4. h4 h5 5. Bd3 Bxd3 6. Qxd3 Qa5+ 7. Nd2 e6 8. Nf3
Qa6 9. c4 Ne7 10. O-O b5 11. cxd5 cxd5 12. a4 b4 13. Qc2 Nf5 14. Nb3 Be7 15. Bg5
Bxg5 16. Nxg5 Nd7 17. Nf3 Rc8 18. Qd2 O-O 19. Qxb4 Rc4 20. Qb5 Qc6 21. Na5 Qxb5
22. axb5 Rb4 23. Nc6 Rxb5 24. Rxa7 Nb6 25. b4 Nc4 26. Rfa1 Nb2 27. Ra8 Rxa8 28.
Rxa8+ Kh7 29. Nd8 Kg6 30. Ra7 Nh6 31. Ng5 Rxb4 32. Ndxf7 Nxf7 33. Nxf7 Rxd4 34.
Nd8 Rd1+ 35. Kh2 Nd3 36. Nxe6 Nxe5 37. Nf4+ Kf5 38. Nxh5 g6 39. Ng7+ Kf4 40.
Ne6+ Kf5 41. Ng7+ Ke4 42. f3+ Ke3 43. Re7 Kd4 44. Ne6+ Kc4 45. Nf4 Nd3 46. Nxg6
d4 47. Ne5+ Nxe5 48. Rxe5 d3 49. Re7 d2 50. Rd7 Kc3 51. h5 Re1 52. g4 Re3 53.
Rxd2 Kxd2 54. Kg3 Ke2 55. h6 Rxf3+ 56. Kh4 Ke3 57. h7 Rf1 58. Kg5 Rh1 59. Kg6
Kf4 60. g5 Rxh7 61. Kxh7 Kxg5 1/2-1/2

[Event "Titled Tue 27th May Early"]
[Site "chess.com INT"]
[Date "2025.05.27"]
[Round "5"]
[White "Ermolaev, Evgeny"]
[Black "Shubenkova, Veronika"]
[Result "0-1"]
[WhiteTitle "FM"]
[BlackTitle "WFM"]
[WhiteElo "2282"]
[BlackElo "2024"]
[WhiteFideId "24103195"]
[BlackFideId "44124040"]
[EventDate "2025.05.27"]

1. d4 d5 2. c4 e6 3. Nf3 f5 4. g3 Nf6 5. Bg2 c6 6. O-O Bd6 7. b3 Qe7 8. Bb2 Nbd7
9. Qc1 O-O 10. Ba3 Ne4 11. Bxd6 Qxd6 12. Qa3 Qxa3 13. Nxa3 b6 14. Nc2 a5 15.
Nce1 Ba6 16. Rc1 Rac8 17. Nd3 b5 18. cxd5 cxd5 19. b4 Nc3 20. Rc2 Rc4 21. Nc5
Nxc5 22. bxc5 b4 23. e3 Ne4 24. Rfc1 a4 25. Ne5 Rxc2 26. Rxc2 Rb8 27. Bxe4 fxe4
28. Rb2 a3 29. Rb1 Bd3 30. Nxd3 exd3 31. Kf1 b3 32. axb3 a2 33. Ra1 Rxb3 34.
Rxa2 Rb1+ 35. Kg2 Kf7 36. Ra7+ Kf6 37. Ra2 e5 38. dxe5+ Kxe5 39. Rd2 Ke4 40. h4
Rc1 41. c6 Rxc6 42. Ra2 Rc2 43. Ra4+ Ke5 44. Rd4 Rd2 45. Kf1 Rd1+ 46. Kg2 h6 47.
Kf3 g5 48. hxg5 hxg5 49. g4 Rd2 50. Ra4 Rd1 51. Ra5 d2 52. Ra2 d4 53. Rb2 d3 54.
Ra2 Kd5 55. Ra5+ Kc4 56. Ra2 Kb3 57. Ra8 Rh1 58. Rb8+ Kc4 59. Rc8+ Kb5 60. Rb8+
Kc6 61. Rc8+ Kb7 62. Rc3 d1=Q+ 63. Ke4 Qxg4+ 64. Kxd3 Rd1+ 65. Kc2 Qe2+ 66. Kb3
Rb1+ 67. Ka4 Qa6# 0-1

[Event "Titled Tue 27th May Early"]
[Site "chess.com INT"]
[Date "2025.05.27"]
[Round "5"]
[White "Gales, Randi-Ioan"]
[Black "Levitan, Judah Nathan"]
[Result "1-0"]
[WhiteTitle "CM"]
[BlackTitle "CM"]
[WhiteElo "2290"]
[BlackElo "2127"]
[WhiteFideId "1285360"]
[BlackFideId "14332639"]
[EventDate "2025.05.27"]

1. d4 Nf6 2. c4 e6 3. Nc3 Bb4 4. e3 d5 5. a3 Bxc3+ 6. bxc3 c5 7. cxd5 exd5 8.
Bd3 Nc6 9. Ne2 c4 10. Bc2 b5 11. O-O a6 12. f3 O-O 13. Ng3 h6 14. Kh1 a5 15. e4
b4 16. axb4 Bb7 17. e5 Ne8 18. b5 Ne7 19. f4 f5 20. exf6 Nxf6 21. f5 Qd7 22. Rb1
Nc8 23. Bf4 Nd6 24. b6 Bc6 25. Be5 Nb5 26. Qf3 Na3 27. b7 Bxb7 28. Ba4 Bc6 29.
Bxc6 Qxc6 30. Rb2 a4 31. Bxf6 Rxf6 32. Nh5 Rff8 33. Qg4 Qd7 34. Rb6 Nc2 35. Rxh6
Ne3 36. Qg6 Rxf5 37. Qh7+ Kf8 38. Rf6+ Rxf6 39. Rxf6+ Ke8 40. Qg8+ Ke7 41. Qxg7+
Kd8 42. Rf8+ Kc7 43. Rf7 Rd8 44. Rxd7+ Rxd7 45. Qe5+ Kb6 46. Qxe3 Rf7 47. Nf4
Rd7 48. h4 a3 49. Qc1 Ra7 50. h5 Kc6 51. h6 a2 52. Qa1 Kd6 53. Kg1 Ke7 54. Nxd5+
Kf7 55. h7 Kg7 56. Nf6 Kh8 57. d5 Ra6 58. d6 Rxd6 59. Qxa2 Rxf6 60. Qxc4 Kxh7
61. Qe4+ Rg6 62. c4 Kg7 63. c5 Rf6 64. c6 Rf7 65. Qd5 Rc7 66. Qd7+ 1-0

[Event "Titled Tue 27th May Early"]
[Site "chess.com INT"]
[Date "2025.05.27"]
[Round "5"]
[White "Martin Fuentes, Alberto"]
[Black "Tsydypov, Zhamsaran"]
[Result "0-1"]
[WhiteTitle "FM"]
[BlackTitle "GM"]
[WhiteElo "2376"]
[BlackElo "2514"]
[WhiteFideId "2292289"]
[BlackFideId "4108566"]
[EventDate "2025.05.27"]

1. e4 c6 2. Nc3 d5 3. Nf3 Bg4 4. h3 Bxf3 5. Qxf3 e6 6. g3 Nf6 7. Bg2 Bc5 8. O-O
Bd4 9. exd5 cxd5 10. Ne2 Bb6 11. d4 h6 12. c3 O-O 13. Nf4 Nc6 14. Nd3 Ne4 15.
Qe2 f5 16. Be3 Qf6 17. Bf4 Rae8 18. Kh2 a6 19. f3 Ng5 20. Ne5 Nxe5 21. Bxe5 Qd8
22. a4 f4 23. g4 Bc7 24. Rae1 Nf7 25. Bxc7 Qxc7 26. h4 Nd6 27. Qd3 Nc4 28. Rf2
Ne3 29. Kg1 Qd8 30. h5 Qg5 31. Rfe2 e5 32. dxe5 Rxe5 33. a5 Rfe8 34. Qd4 Nxg4
35. Rxe5 Nxe5 36. Qxd5+ Kh8 37. Re2 Re7 38. Qd8+ Kh7 39. Qd5 Qxh5 40. c4 Qg5 41.
b4 Rd7 42. Qe4+ Kh8 43. Kf1 Rd1+ 44. Re1 Rxe1+ 45. Qxe1 Qf5 46. Qc3 Qb1+ 47. Kf2
Qa2+ 48. Kg1 Nxc4 49. Bf1 Nd6 50. Qe5 Qd2 51. Qe7 Qe3+ 52. Qxe3 fxe3 53. Bd3 g5
54. Kf1 Kg7 55. Ke2 Kf6 56. Kxe3 Ke5 57. Be2 h5 58. Bf1 Nf5+ 59. Kf2 Nd4 60. Bh3
Kd6 61. Ke3 Nc6 62. Bc8 Kc7 63. Be6 Nxb4 64. Kd4 Nc6+ 65. Ke4 Nxa5 66. Kf5 g4
67. fxg4 hxg4 68. Kxg4 Kd6 69. Bf7 Kc5 70. Kf4 Kd4 71. Kf3 Nc4 72. Ke2 Kc3 73.
Kd1 b5 74. Kc1 b4 75. Kb1 b3 76. Bg6 a5 77. Ka1 a4 78. Kb1 a3 79. Ka1 Ne3 80.
Bh7 Nc2+ 81. Bxc2 bxc2 82. Ka2 Kb4 0-1

[Event "Titled Tue 27th May Early"]
[Site "chess.com INT"]
[Date "2025.05.27"]
[Round "5"]
[White "Fellowes, Billy"]
[Black "Chen, Yidong"]
[Result "1-0"]
[WhiteTitle "CM"]
[WhiteElo "2193"]
[BlackElo "2038"]
[WhiteFideId "483540"]
[BlackFideId "8607028"]
[EventDate "2025.05.27"]

1. e4 c5 2. Nf3 d6 3. d4 cxd4 4. Qxd4 Bd7 5. c4 Nc6 6. Qd3 Nf6 7. Nc3 g6 8. Be2
Bg7 9. O-O O-O 10. a3 Qa5 11. Bd2 Qh5 12. Rfe1 Ng4 13. h3 Nge5 14. Nxe5 Qxe5 15.
Rad1 Be6 16. f4 Qc5+ 17. Be3 Qa5 18. Bd2 Qb6+ 19. Be3 Qxb2 20. Nd5 Bxd5 21. cxd5
Na5 22. Rb1 Qc3 23. Bd2 Qxd3 24. Bxd3 Bd4+ 25. Kf1 b6 26. Ba6 Rab8 27. Rec1 Bc5
28. a4 Nb7 29. e5 Rfd8 30. Ke2 Kf8 31. g4 dxe5 32. Bxb7 Rxb7 33. Rxc5 Rbd7 34.
Rcb5 exf4 35. Bxf4 Rxd5 36. Rxd5 Rxd5 37. Rc1 f6 38. Rc8+ Kf7 39. Rc7 Rd4 40.
Bg3 Rxa4 41. Bd6 Ra2+ 42. Kf3 Ke6 43. Bxe7 b5 44. Bc5 a5 45. Ra7 b4 46. Bxb4 a4
47. Rxh7 Rb2 48. Bf8 a3 49. Ra7 a2 50. Bc5 Rb3+ 51. Kg2 Rb2+ 52. Bf2 g5 53. Kf3
Rb3+ 54. Be3 Rb2 55. Bd4 Rc2 56. Ra6+ Kd5 57. Bxf6 Rh2 58. Kg3 Rh1 59. Rxa2 Rg1+
60. Rg2 Rf1 61. Bxg5 Rf8 62. Be3 Ke4 63. Bd2 Rf3+ 64. Kh4 Rf8 65. g5 Rh8+ 66.
Kg4 Rd8 67. Bc3 1-0

[Event "Titled Tue 27th May Early"]
[Site "chess.com INT"]
[Date "2025.05.27"]
[Round "5"]
[White "Sovetbekova, Nurai"]
[Black "Zdorov, Egor Vit"]
[Result "0-1"]
[WhiteTitle "WFM"]
[BlackTitle "CM"]
[WhiteElo "2007"]
[BlackElo "2100"]
[WhiteFideId "13801910"]
[BlackFideId "55688560"]
[EventDate "2025.05.27"]

1. d4 Nf6 2. Nf3 d5 3. c4 e6 4. Nc3 Bb4 5. Bd2 Nbd7 6. e3 O-O 7. Bd3 dxc4 8.
Bxc4 c5 9. O-O a6 10. a3 Bxc3 11. Bxc3 b5 12. Be2 Bb7 13. dxc5 Nxc5 14. Bb4 Qxd1
15. Rfxd1 Rfc8 16. Rac1 Na4 17. b3 Nb6 18. Nd4 Nbd5 19. Ba5 Kf8 20. Bf3 Ke7 21.
e4 Nf4 22. Bc7 Ng6 23. e5 Nd5 24. Bd6+ Kd7 25. g3 f6 26. Bg4 fxe5 27. Bxe6+ Kxd6
28. Bxc8 Rxc8 29. Nf5+ Ke6 30. Rxc8 Bxc8 31. Nxg7+ Kd6 32. Ne8+ Kc6 33. Rc1+ Kd7
34. Ng7 Bb7 35. Nf5 Ke6 36. Ng7+ Kf7 37. Nh5 Nf8 38. Re1 Nd7 39. f4 Kg6 40. g4
exf4 41. Re6+ Kg5 42. Rd6 Ne5 43. h3 Ne3 44. Kf2 N5xg4+ 45. hxg4 Nxg4+ 46. Ke2
Kxh5 47. Rd7 Be4 48. Re7 Bf5 49. Rf7 Kg5 50. Rg7+ Bg6 51. Ra7 Ne5 52. Rxa6 f3+
53. Kf2 Kf4 54. Rf6+ Bf5 55. a4 Ng4+ 0-1